Hey Jude - The Beatles (All Lyrics) - Statistics

General Stats
  • This quiz has been taken 925 times
  • The average score is 405 of 500
Answer Stats
Lyrics % Correct
hey
100%
(hey,
100%
jude,
100%
jude)
100%
jude
100%
(jude,
100%
a
98%
be
98%
do
98%
don't
98%
(don't
98%
it
98%
it,
98%
it)
98%
and
97%
better
97%
better,
97%
better)
97%
make
97%
so
96%
you
96%
you?
96%
to
95%
sad
94%
song
94%
your
94%
bad
93%
bad,
93%
let
93%
(let
93%
the
92%
in)
91%
in,
91%
her
90%
her,
90%
take
90%
heart
89%
remember
89%
into
87%
then
87%
afraid
86%
can
85%
go
84%
go)
84%
start
84%
get
83%
na
81%
na,
81%
(na,
81%
na)
81%
out
80%
out)
80%
begin
79%
skin
78%
minute
74%
under
74%
who
73%
made
70%
were
69%
shoulder
68%
world
65%
me
62%
carry
61%
upon
60%
know
59%
feel
58%
it's
58%
that
58%
refrain
57%
shoulders
57%
pain,
56%
down
55%
fool
55%
have
55%
cool
54%
on
53%
now
52%
plays
51%
little
50%
anytime
49%
colder
48%
for,
48%
for
48%
found
48%
by
47%
just
47%
is
45%
making
44%
his
41%
you're
37%
(oh)
35%
well,
35%
you'll
35%
yeah
33%
yeah,
33%
(yeah,
33%
yeah)
33%
need
32%
someone
30%
with
30%
waiting
28%
perform
27%
judy,
26%
judy
26%
movement
26%
not
14%
(whoa,
11%
whoa)
11%
gonna
9%
break
8%
yourself
3%
No matching quizzes found
Score Distribution
Percent of People with Each Score
Percentile by Number Answered
Your Score History
You have not taken this quiz